000
00373nam a2200145Ia 4500
008
231129s2004||||xx |||||||||||||| ||spa||
020
_a
958-04-6257-7
040
_b
spa
082
_a
(i) 808.068543 G244o
100
_a
Gartner Hans
245
0
_a
Osito limpio y osito sucio
260
_c
2004
264
_a
Norma
942
_2
ddc
_c
BKS
999
_c
22234
_d
22234